La Teoría del lenguaje de Carlos Bühler : introducción a la moderna filosofía del lenguaje / por Ramón Ceñal Lorente introducción a la moderna filosofía del lenguaje / por Ramón Ceñal Lorente
Descripción Física:
XX, 303 p. ; 23 cm
MARC
| LEADER | 00000nam a2200000Ia 4500 | ||
|---|---|---|---|
| 001 | 758 | ||
| 008 | 160829s1941 xx 000 0 cat d | ||
| 080 | |a F-1-43 | ||
| 100 | |a Ceñal Lorente, Ramón |9 31914 | ||
| 245 | |a La Teoría del lenguaje de Carlos Bühler : |b introducción a la moderna filosofía del lenguaje / por Ramón Ceñal Lorente | ||
| 260 | |a Madrid : |b (Bolaños y Aguilar, talleres gráf.), |c 1941 | ||
| 300 | |a XX, 303 p. ; |c 23 cm | ||
| 490 | |a Consejo Superior de Investigaciones Científicas. Instituto Filosófico Luis Vives. Serie B ; I | ||
| 650 | |a Bühler, Karl |9 31915 | ||
| 650 | |a Llenguatge i llengües |x Filosofia |9 27177 | ||
| 901 | |a Arxiu | ||
| 942 | |n 1 | ||
| 952 | |0 0 |1 0 |4 0 |6 F143 |7 1 |9 45802 |a Arxiu |b Arxiu |d 2016-12-01 |l 0 |o F-1-43 |p 758 |r 2016-12-01 00:00:00 |w 2016-12-01 |y ARXIU | ||
| 999 | |c 49302 |d 49302 | ||